Vývoj metód ekologickej bilancie obalových materiálov

Ekologická bilancia - ekobilancia - pojem. Ekoprofily obalových materiálov. Rozvoj metód ekologickej bilancie v oblasti obalových materiálov zaznamenal v predchádzajúcom období určitý progres. Tento progres bol však vo väčšej miere zaznamenaný iba v teoretickej rovine, pričom zavádzanie týchto metód...

ver descrição completa

Na minha lista:
Detalhes bibliográficos
Autor principal: Kačeňák, Igor
Formato: Capítulo de Livro
Idioma:eslovaco
Assuntos:
Tags: Adicionar Tag
Sem tags, seja o primeiro a adicionar uma tag!

MARC

LEADER 00000nla a2200000 4500
001 0160041
005 20240530103604.1
041 0 |a slo 
044 |a SK 
245 1 0 |a Vývoj metód ekologickej bilancie obalových materiálov  |c Igor Kačeňák 
520 |a Ekologická bilancia - ekobilancia - pojem. Ekoprofily obalových materiálov. Rozvoj metód ekologickej bilancie v oblasti obalových materiálov zaznamenal v predchádzajúcom období určitý progres. Tento progres bol však vo väčšej miere zaznamenaný iba v teoretickej rovine, pričom zavádzanie týchto metód do praxe značne zaostáva, najmä v podmienkach Slovenskej republiky. 
610 2 0 |a obaly 
610 2 0 |a materiál 
610 2 0 |a hospodárstvo obalové 
610 2 0 |a efektívnosť 
610 2 0 |a ekológia 
610 2 0 |a metódy 
610 2 0 |a ochrana prostredia životného 
100 1 |a Kačeňák, Igor